000 01025nam a22002777a 4500
999 _c21607
_d21607
003 AR-CdUCM
008 190312b ||||| |||| 00| 0 spa d
020 _a9789972573552
040 _aMUNICIPALIDAD PROVINCIAL DEL CUSCO
_cBIBLIOTECA MUNICIPAL DEL CUSCO
082 _a332.46/P6
_bP6
245 _aPolítica y estabilidad monetaria en el Perú /
_beditores, Gustavo Yamada, Diego Winkelried
260 _aLima :
_bUniversidad del Pacífico,
_c2016.
300 _a273 páginas. :
_bdiagramas ;
_c24 cm.
500 _a"Homenaje a Julio Velarde, banquero central del año 2015"
650 _aVelarde Flores, Julio
_945509
650 _aPolítica monetaria
_99748
650 _aEstabilidad económica
_945510
650 _aDólar
_938629
650 _aAniversarios
_91064
700 _aYamada Fukusaki, Gustavo (editor)
_945511
700 _aWinkelried, Diego (editor)
_945512
710 _aUniversidad del Pacífico (Lima)
_910408
856 _fhttp://hdl.handle.net/11354/2207
942 _2ddc
_cLIBROS
945 _aRoel